| 000 | 00488nam a2200157Ia 4500 | ||
|---|---|---|---|
| 008 | 210719s1971 xx 000 0 und d | ||
| 041 | _aeng | ||
| 082 | _a510 PANS | ||
| 100 | _aPANJAB UNIVERSITY, CHANDIGARH COSIP | ||
| 245 | _aSupplement to text books on mathematics for pre-engg/t d c/ II classes. | ||
| 260 |
_aChandigarh _bPanjab University Publication Bureau _c1971 |
||
| 300 |
_a82 _bPB |
||
| 365 |
_b2 _cRs |
||
| 650 | _aMathematics | ||
| 906 | _aCOSIP maths text book supplement | ||
| 999 |
_c212499 _d212499 |
||